Islamic finance : partnership financing

Bibliographic Details
Main Author: Saad Abdul Sattar Al-Harran
Format: Book
Published: Selangor : Pelanduk Pub. , 1993
Subjects:

MARC

LEADER 00000cam a2200000 7i4500
001 0000004127
002 000004440
005 20000330.0
020 |a 9679784460 
090 0 0 |a 332.109624   |b SAA 
100 0 |a Saad Abdul Sattar Al-Harran 
245 1 0 |a Islamic finance :   |b partnership financing   |c Saad Abdul Sattar Al-Harran 
260 |a Selangor :   |b Pelanduk Pub. ,   |c 1993 
300 |a 404 p. ;   |c 23 cm. 
650 0 0 |a Bank and banking   |x Religious aspects   |x Islam 
650 0 0 |a Bank and Banking   |z Sudan 
999 |a 032640   |b BUKU   |c PINJAMAN   |e PERPUSTAKAAN KOMUNITI PETALING JAYA 
999 |a 032641   |b BUKU   |c PINJAMAN   |e PERPUSTAKAAN KOMUNITI PETALING JAYA